Teuerste Abgänge von SSC Neapel - Statistiken

Allgemein
  • Dieses Quiz wurde 10 mal gespielt
  • Das Durchschnittsergebnis liegt bei 5 aus 10
Antwortstatistiken
Hint Antwort % Korrekt
1 Gonzalo Higuain
80%
2 Khvicha Kvaratskhelia
80%
3 Edinson Cavani
70%
10 Fabian Ruiz
70%
6 Kalidou Koulibaly
70%
8 Allan
30%
7 Ezequiel Lavezzi
20%
4 Jorginho
20%
5 Min-Jae Kim
20%
9 Eljif Elmas
10%
Keine übereinstimmenden Quizze gefunden
Verteilung der Resultate
Anzahl Personen mit jedem Resultat
Perzentil nach korrekt beantworteten Fragen
Ihre Resultats-Entwicklung
Sie haben dieses Quiz noch nicht gespielt